La Democracia costarricense: una propuesta de periodización y reconceptualización (1821-1948) /
Guardat en:
| Autor principal: | |
|---|---|
| Format: | Text |
| Etiquetes: |
Afegir etiqueta
Sense etiquetes, Sigues el primer a etiquetar aquest registre!
|
MARC
| LEADER | 00000 a a2200000 04500 | ||
|---|---|---|---|
| 001 | 15529 | ||
| 003 | |||
| 040 | |||
| 100 | |a Molina Jiménez, Iván | ||
| 245 | |a La Democracia costarricense: |b una propuesta de periodización y reconceptualización (1821-1948) / |c Iván Molina Jiménez | ||
| 500 | |a Resumen también en inglés | ||
| 773 | |g volumen 42, número 105; páginas 5-60 | ||
| 999 | |c 22514 |d 22514 | ||
